Irak Saddam Körfez (Record no. 8307)
[ view plain ]
| 000 -BAŞLIK | |
|---|---|
| Sabit Uzunlukta Kontrol Alanı | 00766na a2200265 4500 |
| 001 - KONTROL NUMARASI | |
| Denetim Alanı | 14333 |
| 003 - KONTROL NUMARASI IDENTIFIER | |
| Denetim Alanı | MIRAKIL |
| 005 - SON İŞLEM TARİHİ VE ZAMANI | |
| Denetim Alanı | 20181213155206.0 |
| 008 - SABİT-BOY VERİ ELEMANLARI - GENEL BİLGİLER | |
| Sabit Uzunlukta Kontrol Alanı | 160920b tu 000 0 |
| 035 ## - SİSTEM KONTROL NUMARASI | |
| Sistem Kontrol Numarası | 14333 |
| 040 ## - KATALOGLAMA KAYNAK | |
| Orijinal Kataloglama Ajansı | Milas |
| Kataloglama Dili | tur |
| Metne Dönüştürmek Ajansı | TR-AnCHP |
| 082 ## - DEWEY ONLU SINIFLANDIRMA NUMARASI | |
| Sınıflandırma Numarası | 956.7044 |
| Ürün Numarası | T26ı 1990 |
| 090 ## - SINIFLAMA NUMARASI | |
| Sınıflama Numarası | 956.7044 T26ı 1990 |
| 100 ## - ANA GİRİŞ - KİŞİSEL İSİM | |
| Kişisel Ad | Tartanoğlu, Ali |
| 245 ## - BAŞLIK TABLOSU | |
| Başlık | Irak Saddam Körfez |
| Sorumluluk Tablosu, Vb | Ali Tartanoğlu |
| 260 ## - YAYIN, DAĞITIM, VB | |
| Yayın, Dağıtım, Vb Yeri | [y.y] |
| Yayıncı, Dağıtıcı, Vs Adı | [ yayl. y.] |
| Yayın, Dağıtım, Vb Tarihi | [t.y] |
| 300 ## - FİZİKSEL TANIM | |
| Kapsam | 195 s. |
| Diğer Fiziksel Ayrıntıları | fotg. |
| Boyutlar | 19 sm. |
| 600 ## - KONU KATMA GİRİŞ - KURUMSAL ADI | |
| Kişisel Ad | Hüseyin, Saddam |
| Genel Alt Bölümü | Psikoloji |
| Kronolojik Alt Bölümü | 1937-2006 |
| 650 ## - KONU KATMA GİRİŞ - TOPİKAL DÖNEM | |
| Topikal Süreli Veya Coğrafi Ad Giriş Elemanı | Körfez krizi |
| 650 ## - KONU KATMA GİRİŞ - TOPİKAL DÖNEM | |
| Topikal Süreli Veya Coğrafi Ad Giriş Elemanı | Körfez Savaşı |
| Kronolojik Alt Bölümü | 1990-1991 |
| 650 ## - KONU KATMA GİRİŞ - TOPİKAL DÖNEM | |
| Topikal Süreli Veya Coğrafi Ad Giriş Elemanı | Siyaset ve yönetim |
| Coğrafi Alt Bölümü | Irak |
| 650 ## - KONU KATMA GİRİŞ - TOPİKAL DÖNEM | |
| Topikal Süreli Veya Coğrafi Ad Giriş Elemanı | Basra Körfez Bölgesi |
| Genel Alt Bölümü | Siyaset ve yönetim |
| 651 ## - KONU KATMA GİRİŞ - COĞRAFİ ADI | |
| Coğrafi İsim | Irak |
| Genel Alt Bölümü | Tarih |
| Kronolojik Alt Bölümü | 1979-1991 |
| 942 ## - EKLENDİ GİRİŞ ELEMANLARI (KOHA) | |
| Sınıflandırma Veya Raf Düzeni Kaynak | Dewey Decimal Classification |
| Koha Öğesi Türü | Books |
| 999 ## - SİSTEM KONTROL NUMARALARI (KOHA) | |
| Koha Biblionumber | 8307 |
| Koha Biblioitemnumber | 8307 |
| Kalıcı Konum | Mevcut Konum | Edinme Tarihi | Edinim Kaynak | Toplam Check-Out'Lar | Tam Çağrı Numarası | Barkod | Tarih Son Görülme | İtibaren Geçerli Fiyatlar | Koha Öğesi Türü |
|---|---|---|---|---|---|---|---|---|---|
| CHP Kütüphanesi | CHP Kütüphanesi | 08/26/2016 | Bağış | 956.7044 T26ı 1990 | 001871 | 08/26/2016 | 08/26/2016 | Books |
